000 01155nam0a22003131 4500
001 RU\INFOCOMM_327\NLR\5000044363
005 20250613111716.0
035 _a(NLR Aleph) 009593979
090 _a9268172
_c9268172
100 _a20130301d1984 |||y0rusy50 ca
101 0 _ager
102 _aRU
105 _ay z |||||
200 1 _aDie Verbrechen des Pol-Pot-Regimes
_eHist. Abriß
_fDmitri Mosjakow
210 _aM.
_cAPN-Verl.
_d1984
215 _a54 с.
_d17 см
300 _aВ вып. дан.: Преступление полпотовского режима / Дмитрий Мосяков
320 _aБиблиогр. в примеч.: с. 53-54
606 0 _aПреступления против человечества
_yКампучия
_2nlr_sh1
607 _aКампучия
_xИстория
_z20 в.
_2nlr_sh1
620 _aМосква
686 _aХ2(5к)+ТЗ(5К)64-49
_2rubbk
700 1 _9z01790
_aMosjakov
_bD. V.
_f1957-
_gDmitrij Valentinovič
790 1 _9z01700
_aMosjakow
_bD.
_gDmitri
_4070
801 1 _aRU
_bInfocomm
_c20130301
801 0 _aRU
_bINFOCOMM
_gPSBO
852 _aNLR
_jП11 Д-2/44
942 _cBOOK
980 _aNB